Formar niños lectores y productores de poemas
Saved in:
| Main Authors: | , , |
|---|---|
| Format: | Bog |
| Sprog: | spansk |
| Udgivet: |
Santiago, Chile
Dolmen
1992
|
| Fag: | |
| Online adgang: | Disponible Online - pp.49-69 |
| Tags: |
Tilføj Tag
Ingen Tags, Vær først til at tagge denne postø!
|
MARC
| LEADER | 00000nam a2200000 a 4500 | ||
|---|---|---|---|
| 001 | UCT8236 | ||
| 003 | CL-VaPUC | ||
| 005 | 20220912085948.0 | ||
| 008 | 970326e19920000CL |||||||||||||||||spa|d | ||
| 999 | |c 256755 |d 256753 | ||
| 020 | |a 978-9562012638 | ||
| 040 | |c Pontificia Universidad Católica de Valparaíso | ||
| 082 | 0 | 4 | |a 372.41 JOL 1992 |2 21 |
| 100 | 0 | |a Jolibert, Josette |e coordinadora |9 233 | |
| 245 | 1 | 0 | |a Formar niños lectores y productores de poemas |
| 260 | |a Santiago, Chile |b Dolmen |c 1992 | ||
| 300 | |a 181 páginas | ||
| 583 | |a last modification |c 19970326 00:00:00 |k Rodrigo Vera | ||
| 650 | 0 | |a Lectura |9 307634 | |
| 650 | 0 | |a Educación básica |9 224933 | |
| 650 | 0 | |a Poesía |9 265825 | |
| 650 | 0 | |a Aprendizaje |9 254827 | |
| 650 | 0 | |a Lingüística |9 265068 | |
| 650 | 0 | |a Poemas |9 372646 | |
| 700 | 0 | |a Sraiki, Christine |e author |9 379832 | |
| 700 | 0 | |a Herbeaux, Liliane |e author |9 379833 | |
| 856 | |u http://bibliografiadigital.pucv.cl.pucv.idm.oclc.org/index.php/bibliotecapucv/catalog/book/367 |y Disponible Online - pp.49-69 | ||
| 942 | |c BK |2 ddc | ||
| 945 | |d 19970326 00:00:00 |a nastorga | ||
| 952 | |0 0 |1 0 |4 0 |6 372_410000000000000_JOL_1992 |7 0 |8 A |9 279681 |a BIBEDU |b BIBEDU |c ES_NOD |d 2019-11-19 |i 3292746 |o 372.41 JOL 1992 |p 3292746 |r 2023-08-09 |w 2019-11-19 |y BK |k EPE | ||